[Event "Stay Safe Play From Home 304"]
[Site "Emanuel Lasker Arena"]
[Date "2020.07.15"]
[Round "5"]
[White "NTBT_DHS"]
[Black "Broken sword"]
[Result "0-1"]
[WhiteElo "2509"]
[BlackElo "2406"]
[Annotator "TA"]
[PlyCount "98"]
[EventDate "2020.07.15"]
[EventType "swiss (blitz)"]

{[%evp 9,98,15,19,18,22,-36,31,8,23,-24,32,-68,-54,-77,12,-119,-109,-111,-112,-114,-109,-118,0,0,0,0,0,-148,-159,-494,-502,-515,-482,-477,-443,-450,-358,-351,-355,-431,-416,-422,-343,-442,-368,-435,-435,-643,-631,-718,-721,-715,-708,-678,-666,-915,-593,-1147,-580,-1793,-1766,-1660,-1229,-1144,-833,-927,-572,-572,-570,-556,-456,-658,-647,-640,-434,-550,-460,-597,-666,-681,-655,-2158,-1946,-29976,-29977,-29981,-29982,-29984,-29983,-29985,-29986]} 1. d4 d5 2. Nc3 c6 3. Bf4 Nf6 4. Qd3 Bg4 5. f3 Bh5 6. e4 {D00: 1 d4 d5: Unusual lines.} Bg6 7. O-O-O (7. h4 $11) 7... e6 {[#]} (7... b5 $15) 8. Qe3 $146 {White is slightly better.} ({Predecessor:} 8. Kb1 Nbd7 9. Qe3 Nb6 10. e5 Nfd7 11. Bg5 Be7 12. Bxe7 Qxe7 13. f4 a6 14. Nf3 {1-0 (35) Bes,M (2070)-Feix,V (1439) Valasska Bystrice 2016}) 8... Be7 9. g4 h6 (9... dxe4 $11 10. fxe4 Nxg4) 10. e5 (10. h4 $14) 10... Nfd7 $15 11. Bg3 a6 ({Black should try} 11... c5 $17 12. Nge2 Nc6) 12. h4 (12. f4 $11 {keeps the balance.}) 12... c5 $17 13. Nge2 Nc6 14. f4 {[#]} cxd4 $1 15. Nxd4 {aiming for f5.} Nxd4 ({Black should play} 15... Bc5 $17 16. f5 Nxd4 17. Rxd4 Qb6) 16. Qxd4 $11 Bc5 17. Qd2 Bb4 18. a3 (18. f5 $1 $11 Bh7 19. a3 Bxc3 20. Qxc3) 18... Bxc3 $1 $17 19. Qxc3 $2 {White does not recover from this.} (19. bxc3 $17 {nothing else works.} Be4 20. Rh2) 19... Rc8 $19 20. Qb3 Bxc2 21. Qxc2 Rxc2+ 22. Kxc2 Qc7+ 23. Kb1 O-O 24. Bd3 Nc5 25. Rc1 Qb6 26. Bc2 Ne4 27. Bxe4 dxe4 28. Rhe1 (28. Rhd1 $142) 28... e3 29. Rc3 Rd8 30. Rexe3 Rd2 {[%csl Gd2][%cal Rb6b2]} 31. Rb3 Qc6 {...Rd1+ is the strong threat.} 32. Rec3 Qh1+ 33. Ka2 b5 {Threatens to win with ...Rd1.} 34. Rc8+ Kh7 35. Rbc3 Rd1 36. Kb3 Qf1 37. h5 Rd3 38. g5 hxg5 39. fxg5 Qf3 {And now ...Qxg3 would win.} 40. Rxd3 (40. Be1 $142) 40... Qxd3+ {[%mdl 4096] Endgame KQ-KRB} 41. Rc3 Qd5+ 42. Kb4 Qd4+ 43. Ka5 Qd2 44. Kxa6 Qxb2 45. Rc7 Qxa3+ {[%mdl 64] Double Attack} 46. Kb7 Qxg3 {[%mdl 64] Double Attack. Black mates.} 47. Rxf7 Qxe5 48. h6 Qxg5 49. hxg7 {[#]} Qxg7 $1 {Accuracy: White = 28%, Black = 52%.} 0-1

[Event "Stay Safe Play From Home 304"]
[Site "Emanuel Lasker Arena"]
[Date "2020.07.15"]
[Round "5"]
[White "Jhhonnyy"]
[Black "SoulofWolf"]
[Result "1-0"]
[WhiteElo "2316"]
[BlackElo "2121"]
[Annotator "TA"]
[PlyCount "73"]
[EventDate "2020.07.15"]
[EventType "swiss (blitz)"]

{[%evp 12,72,32,25,44,23,16,4,81,83,125,120,173,168,216,86,208,203,208,77,202,131,373,397,363,365,391,406,403,346,322,333,560,530,529,511,776,775,816,662,901,881,1397,1373,5457,1383,5514,1820,1737,1583,2533,2453,29983,29982,29986,29987,29994,29993,29995,29996,29996,29997,29999]} 1. d4 d5 2. c4 Nf6 3. Nf3 e6 4. g3 h6 5. Bg2 Be7 6. O-O O-O 7. Qc2 {[#]} a6 $146 {E06: Closed Catalan: Early deviations.} ({Predecessor:} 7... Nbd7 8. Rd1 Ne4 9. Nc3 Ndf6 10. b3 c6 11. Bb2 Nxc3 12. Bxc3 Ne4 13. Bb2 Bd7 14. Ne5 f5 15. Ng6 {0-1 (37) Oparin,G (2652)-Bortnyk,O (2598) chess.com INT 2020}) 8. Nfd2 dxc4 9. Nxc4 Nbd7 (9... Qxd4 $11 10. Rd1 Qc5) 10. Rd1 Rb8 11. Nc3 Qe8 (11... c6 $16) 12. e4 $18 c5 13. d5 (13. e5 $18 {has better winning chances.} Nh7 14. dxc5) 13... exd5 (13... b5 $16 {keeps fighting.}) 14. exd5 {Hoping for Re1.} b5 15. d6 (15. Bf4 $18 {and White stays clearly on top.}) 15... bxc4 (15... Bd8 $16) 16. Re1 {[%mdl 64] [#] Pin} ({Much less strong is} 16. dxe7 $6 Qxe7 17. Bf4 Rb6 $16) 16... Kh8 $2 (16... Bxd6 $16 17. Rxe8 Rxe8) 17. dxe7 Rg8 18. Bf4 Rb6 19. Rad1 Re6 20. Rxe6 fxe6 21. Bd6 g6 $2 (21... Qf7 {was worth a try.} 22. Bc6 Nb6) 22. Qa4 Kg7 23. Qxc4 Nb6 (23... Qf7 $142 24. Qf4 Ne8) 24. Qxc5 Nbd7 25. Qa3 a5 26. Qxa5 Nb8 27. Bxb8 Bd7 28. Bd6 Bc6 29. Qc5 Bxg2 30. Kxg2 Qa8+ 31. Kg1 Rc8 32. Qd4 {White mates.} Qf3 {[#]} 33. Be5 $1 Rxc3 34. bxc3 Kh7 35. Bxf6 h5 36. e8=Q {[%csl Gd4,Gf6][%cal Re8h8]} h4 37. Qh8# {Accuracy: White = 61%, Black = 23%.} 1-0

[Event "Stay Safe Play From Home 304"]
[Site "Emanuel Lasker Arena"]
[Date "2020.07.15"]
[Round "5"]
[White "Lamborghini"]
[Black "Tolka"]
[Result "0-1"]
[WhiteElo "2111"]
[BlackElo "2334"]
[Annotator "TA"]
[PlyCount "78"]
[EventDate "2020.07.15"]
[EventType "swiss (blitz)"]

{[%evp 9,78,-65,33,-67,-19,-25,-22,-51,387,11,185,62,145,18,-50,-73,109,80,1539,157,205,196,198,16,73,77,102,72,204,7,17,-10,152,-22,107,105,100,106,98,109,141,134,140,121,129,70,122,52,111,88,270,116,162,119,202,196,200,138,334,329,316,329,29998,-29993,-29994,-29994,-29987,-29993,-935,-4818,-487]} 1. e4 c5 2. Nf3 Nc6 3. Nc3 Nf6 4. e5 Ng4 5. Qe2 Qc7 (5... f6 $1 $15) 6. Nd5 {B29: Sicilian: 2 Nf3 Nf6 (Nimzowitsch Variation).} (6. Nb5 $14 Qb8 7. d4) 6... Qb8 $15 7. d4 $1 cxd4 {White must now prevent ...e6.} 8. Bf4 $1 {The position is equal.} g5 $2 {[%mdl 8192] [#]} (8... e6 $15 {keeps the upper hand.} 9. h3 Nh6 10. Bxh6 exd5) 9. Bxg5 $146 (9. Nxg5 $18 Ngxe5 10. Qh5) ({Predecessor:} 9. Nxg5 Ngxe5 10. Qh5 d6 11. Bxe5 Nxe5 12. Bb5+ Bd7 13. Bxd7+ Kxd7 14. Nxf7 Nxf7 15. Qxf7 {1-0 (51) Savatyev,A (2163)-Kharmunova,N (2121) Moscow 2011}) 9... Ngxe5 $2 (9... d6 $1 $11 {and Black has nothing to worry.}) 10. O-O-O ({Only move:} 10. Nxe5 $18 Nxe5 11. O-O-O) 10... Nxf3 (10... Qd6 $1 $14 11. c4 Nxf3 12. Qxf3 b6) 11. Nf6+ $2 ({Don't take} 11. gxf3 $6 Kd8 $14) ({White must play} 11. Qxf3 $16 {aiming for Re1.} Rg8 12. h4) 11... Kd8 12. Qxf3 Bg7 $2 (12... Qe5 $17 {stays on course.} 13. Bh4 Qe6) 13. Nd5 $36 {[%mdl 3072] White has strong compensation. White is really pushing.} Ne5 $2 {[%mdl 8192]} (13... f6 $16 14. Bh4 Qd6) 14. Qb3 $2 (14. Qa3 $18 {[%csl Gd5,Gg5][%cal Ra3e7] and the rest is easy.} d6 15. Bxe7+ {[%mdl 64] Double Attack} Kd7 16. Bb5+ Ke6 17. Rxd4) 14... f6 15. Bh4 Qd6 16. Bg3 $2 (16. Rxd4 $18 {And now Be2 would win.} e6 17. Qg3 Bh6+ 18. Ne3) 16... e6 (16... Qc5 $1 $11) 17. Nf4 Bh6 {Strongly threatening ...Ng6.} 18. Kb1 $1 b6 (18... Bxf4 $16 {was called for.} 19. Bxf4 Qc5) 19. Bd3 $2 (19. Ne2 $18) 19... Bb7 ({Much weaker is} 19... Nxd3 $6 20. Ng6 $16) 20. Rhe1 Rc8 $2 (20... Bxf4 $11 21. Bxf4 Qc5) 21. a3 $2 (21. Nh5 $1 $16) 21... Ke7 (21... Bxf4 $11 {keeps the balance.} 22. Bxf4 Qc5) 22. Be4 $1 $16 {[%cal Re4b7]} Bxe4 23. Rxe4 Bxf4 24. Bxf4 Qc6 25. Rexd4 {Bxe5 is the strong threat.} d5 26. Bxe5 fxe5 27. Rh4 (27. R4d2 $16) 27... e4 (27... h5 $14) 28. c3 (28. f3 $16) 28... Qc4 {[#]} ({Black should try} 28... Rcg8 $14) 29. Qc2 $1 Kd6 $2 (29... Qc7 $16) 30. Qd2 (30. Rxe4 $18 {is more deadly.} Qc6 31. g3) 30... Kc6 31. Rh6 Kb7 (31... Rce8 $16) 32. Rxe6 $18 Rhd8 33. Re7+ Ka8 $2 (33... Rc7 $16 34. Rxc7+ Qxc7) 34. Qh6 d4 35. Qxh7 dxc3 $2 (35... Qc6 $18) 36. Qxe4+ $4 {[%mdl 8192]} (36. Rxa7+ {is the narrow road to win.} Kb8 37. Qb7#) 36... Qxe4+ 37. Rxe4 Rxd1+ 38. Ka2 cxb2 (38... c2 $142 39. g4 c1=Q 40. h4 Qb1+ {[%mdl 64] Double Attack} 41. Kb3 Qxe4 42. Ka2 Qc4+ 43. b3 Qe2#) 39. Rb4 {[#]} b1=Q+ $1 {What a bad dream for White. Accuracy: White = 37%, Black = 21%.} 0-1

[Event "Stay Safe Play From Home 304"]
[Site "Emanuel Lasker Arena"]
[Date "2020.07.15"]
[Round "5"]
[White "TheCHESSHOUSE"]
[Black "Scorpio New"]
[Result "0-1"]
[WhiteElo "2036"]
[BlackElo "2113"]
[Annotator "TA"]
[PlyCount "128"]
[EventDate "2020.07.15"]
[EventType "swiss (blitz)"]

{[%evp 10,128,67,63,68,73,66,71,65,55,62,-29,-43,-56,-17,-54,-46,-91,-11,-22,-14,-21,-18,-35,0,-4,9,-10,0,-22,16,11,22,0,0,-42,0,0,0,0,0,0,60,70,178,154,187,-146,2,12,267,278,274,240,408,252,272,257,278,0,401,243,425,401,433,433,725,370,350,0,531,531,733,466,425,275,275,275,275,275,275,260,5747,3361,29978,29979,29979,29979,29964,2875,29983,29984,29984,29980,29984,29981,29986,29986,29985,29979,29979,29980,29982,29983,29983,29983,29982,29983,29987,29988,29985,29986,29991,29992,29994,29995,29995,29995,29996,29997,29998]} 1. d4 d6 2. c4 g6 3. Nc3 Bg7 4. e4 Nd7 5. Nf3 c6 6. Be3 Qc7 {A42: Modern Defence: Averbakh Variation.} 7. Be2 e5 8. O-O Ngf6 {[#] White is better.} 9. Rc1 $146 ({Predecessor:} 9. h3 O-O 10. Qd2 c5 11. d5 a6 12. a4 Nh5 13. Ng5 Ndf6 14. Rab1 h6 15. Nf3 Kh7 16. b4 b6 17. Bd3 g5 {1-0 (48) Moreira,E (1800)-Tombesi,W (1776) Santa Maria 2020}) 9... Ng4 10. Qd2 (10. Bd2 $14) 10... Nxe3 $11 11. fxe3 Nf6 12. h3 O-O 13. Ng5 h6 (13... Bh6 $17 14. Nf3 (14. Rxf6 Bxg5 15. Rf3 exd4 $17) 14... Re8) 14. Nf3 a5 15. Nh2 Qe7 16. d5 c5 17. Bf3 b6 18. Nb5 Ba6 19. a4 Bxb5 20. cxb5 h5 21. b3 Nh7 22. Qf2 Qg5 23. Be2 Bh6 24. Rc3 f5 25. Nf3 $36 {[%mdl 2048] White is more active.} Qe7 (25... Qf6 $11) 26. Nh4 $1 $14 {[%cal Rh4g6]} f4 (26... Qg5 $14) 27. exf4 Rxf4 28. Qg3 $2 (28. Nxg6 $18 Qg5 29. Nxf4 exf4 30. Rc4) 28... Rxf1+ (28... Qxh4 $17 29. Qxg6+ {[%mdl 64] Double Attack} Bg7) 29. Bxf1 $11 Nf8 $2 {[%mdl 8192]} (29... Ng5 $11) 30. Nxg6 $18 Nxg6 31. Qxg6+ {[%mdl 64] [#] Double Attack} Qg7 $2 (31... Bg7 32. Qxh5 Rf8) 32. Qe6+ Kh8 33. Qxd6 Rf8 34. Qe6 $2 (34. Qxb6 $18 Qg5 35. Qd6 (35. Qxa5 $2 Qd2 $19)) 34... Bf4 $2 {[%mdl 8192]} (34... Bd2 $11 35. Rd3 Qg5) 35. Rf3 Rf6 $2 (35... Qh6 36. Qxh6+ Bxh6) 36. Qe8+ Kh7 37. Qxh5+ Kg8 (37... Bh6 $142 38. d6 Qg6 39. Qxg6+ Kxg6) 38. Qe8+ Kh7 39. Qh5+ $2 ({White should play} 39. h4 $18) 39... Rh6 $2 {[%mdl 8192]} (39... Kg8 $11 40. Qe8+ Qf8) 40. Qf5+ Kh8 41. Bc4 Rf6 42. Qg4 Qxg4 43. hxg4 {[%mdl 4096] Endgame KRB-KRB} Kg7 44. Rh3 Kg6 45. Be2 Be3+ $2 (45... Bg5 46. Bf3 Rd6) 46. Rxe3 {KRB-KR} Kg5 47. Rf3 Rd6 48. Rf5+ {[%mdl 64] [#] Double Attack} Kg6 49. Kf2 c4 50. bxc4 {White mates.} Rd8 51. Ke3 Rc8 52. g3 Rc5 53. Bd3 Rc8 54. g5 Re8 55. Rf6+ {[%mdl 64] Double Attack} Kxg5 56. Re6 Rf8 57. Rxe5+ Kg4 58. Kd4 Kxg3 59. d6 Rh8 60. Rd5 Rh4 61. d7 Kf3 62. d8=Q {[%mdl 64] Double Attack} Rf4 63. Qd7 Kf2 64. Qh3 Rf3 {[%mdl 32768] Accuracy: White = 53%, Black = 37%. . Loss on time!?} 0-1

[Event "Stay Safe Play From Home 304"]
[Site "Emanuel Lasker Arena"]
[Date "2020.07.15"]
[Round "5"]
[White "Bardellosport"]
[Black "Klasman"]
[Result "1-0"]
[WhiteElo "2004"]
[BlackElo "1306"]
[Annotator "TA"]
[PlyCount "55"]
[EventDate "2020.07.15"]
[EventType "swiss (blitz)"]

{[%evp 9,55,8,10,-194,-19,-33,-6,-15,-10,-28,8,0,150,69,166,158,221,228,354,347,342,307,491,246,476,255,270,234,238,40,366,-85,256,45,37,36,36,21,50,15,125,125,228,226,221,169,182,159]} 1. d4 f5 2. e3 Nf6 3. f4 e6 4. Nf3 d5 5. Bd3 c5 {[#]} 6. Qe2 $146 {A80: Dutch Defence: Unusual White second moves.} (6. O-O $11) ({Predecessor:} 6. c3 Nc6 7. O-O Bd6 8. Nbd2 b6 9. Ne5 Bd7 10. a4 O-O 11. Ndf3 c4 12. Bc2 a6 13. Bd2 Qe7 14. Ng5 Bxe5 15. dxe5 {0-1 (42) Jauregui,A (1527)-Salas,J (1806) La Paz 2020}) 6... Nc6 $2 (6... c4 $19 7. Bxc4 dxc4 8. Qxc4 Nc6) 7. c3 Qb6 8. O-O {The position is equal.} Bd6 9. Nbd2 {[%cal Bb1d2,Bd2c4,Bc4d6][%mdl 32]} cxd4 10. exd4 {Black must now prevent Bxf5.} Bd7 (10... Ne4 $11) 11. Ne5 ({White should try} 11. Bxf5 $1 $16 O-O-O 12. Bh3 (12. Bxe6 Rde8 $16)) 11... Bxe5 (11... g6 $14) 12. fxe5 $18 Ne4 (12... Ng8 $16 13. Nb3 Nge7) 13. Bxe4 {[%mdl 64] [#] Overworked Piece} dxe4 (13... Nxd4 $142 14. cxd4 Qxd4+ 15. Qf2 Qxf2+ 16. Rxf2 fxe4) 14. Nc4 Qc7 {If only Black now had time for ...0-0....} 15. Nd6+ Ke7 (15... Kf8 {was necessary.} 16. g4 Ne7 17. gxf5 exf5 18. Qxe4 h6) 16. Bg5+ Kf8 17. Qh5 (17. g4 $142) 17... Be8 18. Nxe8 Rxe8 19. Qe2 $2 (19. g4 $18 Qf7 20. Qxf7+ Kxf7 21. gxf5) 19... Nxe5 $2 {[%mdl 8192]} ({Black should play} 19... Kg8 $14) 20. Bf4 $2 (20. dxe5 $18 {Hoping for Qxe4.} Kg8 21. Rad1) 20... Nf3+ $2 {[%mdl 8192]} (20... Qc4 $17 {stays on course.} 21. Qxc4 Nxc4) 21. gxf3 $2 (21. Qxf3 $1 $18 e5 22. Bxe5 Qxe5 23. Qg4 (23. dxe5 exf3 24. Rxf3 Rxe5 $14) (23. Qxf5+ Qxf5 24. Rxf5+ Ke7 $18)) 21... Qxf4 $14 22. fxe4 Qg5+ 23. Qg2 Qxg2+ $1 24. Kxg2 g5 (24... g6 $11 {remains equal.}) 25. exf5 $16 exf5 (25... e5 $16) 26. Rxf5+ $18 {[%mdl 64] [#] Double Attack. White is clearly better.} Kg7 27. Raf1 Re2+ 28. R1f2 {Accuracy: White = 41%, Black = 25%.} 1-0

[Event "Stay Safe Play From Home 304"]
[Site "Emanuel Lasker Arena"]
[Date "2020.07.15"]
[Round "5"]
[White "Buzaglo"]
[Black "Lazieri3"]
[Result "1-0"]
[WhiteElo "1850"]
[BlackElo "2101"]
[Annotator "TA"]
[PlyCount "91"]
[EventDate "2020.07.15"]
[EventType "swiss (blitz)"]

{[%evp 9,91,10,43,58,151,76,253,42,41,39,171,-3,30,15,0,-325,-310,-385,-356,-364,-276,-274,-268,-276,-262,-275,-266,-303,-262,-262,-248,-246,-237,-288,-286,-294,-289,-289,-291,-332,-291,-512,-502,-564,-493,-716,-496,-614,-558,-965,-640,-2156,-191,-992,-548,-802,-139,-832,-822,-864,-864,-1606,-584,-29990,-925,-930,-912,-918,-900,-916,-870,-1198,-874,-1337,-1237,-29993,-29971,-29992,-29991,-29994,-448,-29994,-29975,-29989]} 1. d4 c6 2. Nf3 d5 3. g3 Nf6 4. Bg2 Bf5 5. O-O Qc8 6. c4 {D02: 1 d4 d5 2 Nf3 sidelines, including 2...Nf6 3 g3 and 2...Nf6 3 Bf4.} Bh3 (6... e6 $14) 7. cxd5 {[#]} (7. Bxh3 $142 $1 Qxh3 8. Qb3) 7... h5 $146 (7... Bxg2 $16 {was called for.} 8. Kxg2 cxd5) ({Predecessor:} 7... Bxg2 8. Kxg2 cxd5 9. Nc3 a6 10. Bf4 b5 11. Rc1 Qb7 12. Na4 Nc6 13. Ne5 Nxe5 {1-0 (84) Begus,D (2314)-Djokic,V (2334) Vrnjacka Banja 2012}) 8. Ng5 $2 (8. dxc6 $18 Nxc6 9. d5 Bxg2 10. Kxg2) 8... Bxg2 $14 9. Kxg2 h4 (9... cxd5 $14 10. Nc3 Qd7) 10. Bf4 $2 (10. dxc6 $1 $18 {Hoping for Nc3.} Qxc6+ 11. e4 $1 {[%mdl 512]}) 10... hxg3 11. hxg3 {Threatens to win with e4.} Nxd5 12. Qd2 $2 {[%mdl 8192]} (12. Bxb8 $1 $11 Qg4 13. Be5 Qxg5 14. e4) 12... f6 $19 13. Rh1 Rxh1 ({Less strong is} 13... fxg5 14. Rxh8 gxf4 15. Nc3 $15) 14. Kxh1 Nxf4 15. Qxf4 fxg5 16. Qxg5 Qh3+ 17. Kg1 Nd7 18. Qg6+ Kd8 19. Nd2 Nf6 20. Nf3 Qh5 21. Qd3 Kc7 22. Qe3 Rd8 23. Qf4+ Kc8 24. Rc1 e6 25. b4 $2 (25. Qe5) 25... Bxb4 26. a4 Bd6 27. Qe3 (27. Qh4 $142) 27... Re8 28. a5 a6 29. Qd3 Nd5 30. Qc4 e5 $2 (30... Rh8 {[%csl Gh8][%cal Rh5h1]} 31. Nh4 g5) 31. Qb3 $2 (31. Qxd5 Bc7 32. Qe4) 31... Kb8 {...e4 is the strong threat.} 32. Rb1 {[%csl Gb1][%cal Rb3b7]} Qf7 $2 (32... Bb4 $19 {has better winning chances.} 33. Nh4 exd4) 33. Qc4 $2 {[%mdl 8192]} (33. e4 $17) 33... e4 34. Qxc6 exf3 35. exf3 Bf8 36. Qb6 Qc7 (36... Nxb6 $142 37. Kg2 Nc4 38. Rd1 {[#]} Re3 $1 {[%mdl 512]} 39. fxe3 Nxe3+ {[%mdl 64] Double Attack} 40. Kf2 Nxd1+ 41. Kg2 Qa2+ {[%mdl 64] Double Attack} 42. Kh3 Ne3 43. f4 Be7 44. g4 Qg2#) 37. Qg6 Rc8 38. Qd3 Nc3 39. Rf1 Nb5 40. g4 {[#]} Qc4 $1 41. Qe4 Bd6 42. Qf4 Bc7 43. Qxc7+ Rxc7 44. Rc1 Rd7 (44... Qxc1+ $142 45. Kg2 Nxd4 46. Kh2 Qf4+ {[%mdl 64] Double Attack} 47. Kg2 Qxf3+ 48. Kh2 Qxf2+ 49. Kh3 Rc3#) 45. Kg2 (45. Rxc4 $19 Nxd4 46. Rc5) 45... Rxd4 46. Re1 {[%mdl 32768] Accuracy: White = 22%, Black = 39%. . Loss on time!?} 1-0

[Event "Stay Safe Play From Home 304"]
[Site "Emanuel Lasker Arena"]
[Date "2020.07.15"]
[Round "5"]
[White "Andi Gregor"]
[Black "Justwatch"]
[Result "1-0"]
[WhiteElo "1620"]
[BlackElo "1694"]
[Annotator "NA RC"]
[PlyCount "29"]
[EventDate "2020.07.15"]
[EventType "swiss (blitz)"]
[WhiteTeam "Hamelner SV I"]

{Poschadel, Andreas Gregor (1912)} 1. g3 {[%emt 0:00:06]} e5 {[%emt 0:00:00]} 2. Bg2 {[%emt 0:00:00]} d6 {[%emt 0:00:00]} 3. Nf3 {[%emt 0:00:00]} Nc6 {[%emt 0:00:00]} 4. O-O {[%emt 0:00:00]} Bf5 {[%emt 0:00:00]} 5. d3 {[%emt 0:00:00]} Nd4 {[%emt 0:00:02]} 6. Nxd4 {[%emt 0:00:01]} exd4 {[%emt 0:00:00]} 7. e3 {[%emt 0:00:00]} dxe3 {[%emt 0:00:02]} 8. Bxe3 {[%emt 0:00:00]} Be6 {[%emt 0:00:01]} 9. Re1 {[%emt 0:00:01]} Qf6 {[%emt 0:00:04]} 10. Nd2 {[%emt 0:00:00]} Qxb2 {[%emt 0:00:03]} 11. Rb1 {[%emt 0:00:01]} Qxa2 {[%emt 0:00:01]} 12. Bxb7 {[%emt 0:00:02]} Rb8 {[%emt 0:00:04]} 13. Bc6+ {[%emt 0:00:01]} Bd7 {[%emt 0:00:06]} 14. Rxb8+ {[%emt 0:00:00]} Ke7 {[%emt 0:00:06]} 15. Bg5# {[%emt 0:00:00] (Lag: Av=0.54s, max=0.7s)} 1-0

[Event "Stay Safe Play From Home 304"]
[Site "Emanuel Lasker Arena"]
[Date "2020.07.15"]
[Round "5"]
[White "Tartak"]
[Black "Weltszmerc"]
[Result "0-1"]
[WhiteElo "1558"]
[BlackElo "2163"]
[Annotator "TA"]
[PlyCount "86"]
[EventDate "2020.07.15"]
[EventType "swiss (blitz)"]

{[%evp 9,86,2,10,9,6,6,9,10,5,0,-10,-17,0,-36,-30,-103,-42,-76,0,-50,-28,-30,25,25,13,-78,-77,-72,-83,-78,-75,-104,-67,-191,-85,-205,-75,-58,-41,-84,-90,-54,0,-642,-109,-121,-116,-656,-607,-2243,-2113,-29992,-29992,-29992,-1620,-29992,-29993,-29993,-29993,-29993,-29992,-29993,-29994,-29994,-29995,-29996,-29997,-29997,-29997,-29997,-29995,-29995,-29985,-29996,-29996,-29997,-29998,-29998,-29998]} 1. d4 Nf6 2. Nf3 b6 3. e3 Bb7 4. Bd3 e6 5. b3 Be7 6. Bb2 {A47: 1 d4 Nf6 2 Nf3 b6: Torre, London and Colle Systems.} O-O 7. Nbd2 d5 8. O-O {The position is equal.} a5 {[%cal Ba7a5,Ba5a4,Ba4a3][%mdl 32]} 9. Ne5 a4 {[#]} 10. f4 $146 ({Predecessor:} 10. c4 a3 11. Bc3 Nbd7 12. f4 g6 13. Rc1 c5 14. Ndf3 Ne4 15. Nxd7 Nxc3 16. Rxc3 Qxd7 17. cxd5 Qxd5 {0-1 (40) Hilton,S (1894)-Nizam,R (2185) Warsaw 2016}) 10... a3 11. Bc1 c5 12. c4 (12. Qe2 $11) 12... Nbd7 (12... cxd4 $17 13. Ndf3 dxe3 14. Bxe3 Na6) 13. Qe2 Ne4 (13... cxd4 $17 14. exd4 dxc4 15. Ndxc4 b5) 14. Ndf3 f6 15. Ng4 h5 (15... f5 $142 16. Nge5 Nxe5 17. Nxe5 dxc4 18. Bxc4 Bd5) 16. Nf2 $11 f5 17. Bxe4 (17. Bd2 $11 {keeps the balance.}) 17... fxe4 $17 18. Ne5 Nxe5 19. dxe5 Qe8 20. Bd2 Qg6 21. Bc3 {[#]} (21. g3 $15) 21... Rad8 (21... d4 $1 $19 {[%mdl 512] and Black stays clearly on top.} 22. Bd2 (22. exd4 Rxf4) 22... Qf5) 22. Rad1 {[#]} (22. Bd2 $17) 22... h4 (22... d4 $1 $19 {[%mdl 512] has better winning chances.} 23. exd4 e3) 23. Nh3 Qf5 24. cxd5 exd5 25. Qb5 Qe6 ({Black should try} 25... Bc8 $15) 26. Qa4 $2 {[%mdl 8192]} (26. f5 $11 Rxf5 27. Rxf5 Qxf5 28. Qxb6) 26... Bc6 $2 (26... Ra8 $19 27. f5 Rxf5) 27. Qxa3 d4 $36 {[%mdl 2048] Keeping White busy.} 28. exd4 $2 {[%mdl 8192]} (28. Bd2 $17) 28... cxd4 $19 {[%mdl 64] Discovered Attack} 29. Bxd4 Bxa3 30. Bxb6 Rxd1 31. Rxd1 {[#]} Bd5 (31... e3 $142 $1 32. Bxe3 {[#]} Qg4 $1 {[%mdl 512]} 33. Rd2 Bb4 34. g3 Bxd2 35. Nf2 Bxe3 36. Kf1 Qf3 $1 {[%mdl 512]} 37. Ke1 Qxf2+ {[%mdl 64] Double Attack} 38. Kd1 Bf3#) 32. Ng5 Qxb6+ {Black mates.} 33. Kh1 Rxf4 34. h3 Qc5 35. e6 Rf2 36. e7 Qxe7 37. Rxd5 Rf1+ 38. Kh2 Bd6+ 39. g3 Bxg3+ 40. Kg2 Qxg5 41. Rd8+ Kh7 42. Rd6 Rf2+ {[%mdl 64] Double Attack} 43. Kg1 Qf4 {Accuracy: White = 33%, Black = 48%.} 0-1

[Event "Stay Safe Play From Home 304"]
[Site "Emanuel Lasker Arena"]
[Date "2020.07.15"]
[Round "6"]
[White "NTBT_DHS"]
[Black "Lamborghini"]
[Result "1-0"]
[WhiteElo "2487"]
[BlackElo "2104"]
[Annotator "TA"]
[PlyCount "71"]
[EventDate "2020.07.15"]
[EventType "swiss (blitz)"]

{[%evp 9,70,8,21,16,36,-30,-27,-51,-49,-56,-55,-62,-52,-153,-25,-20,11,21,32,21,894,889,897,866,885,900,937,935,1187,1181,1298,1104,1080,1089,1254,1247,1257,1233,1512,1503,1773,1749,1805,1792,3712,3781,3497,3372,29987,29988,29991,29992,29992,29993,29993,29994,29994,29995,29996,29997,29998,29999,29999]} 1. d4 Nf6 2. Nc3 g6 3. Bg5 d5 4. f3 c5 5. e3 Bg7 {[#]} 6. dxc5 $146 {D01: Veresov Opening.} ({Predecessor:} 6. Bb5+ Bd7 7. Qd3 a6 8. Bxd7+ Nbxd7 9. Nge2 O-O 10. O-O Re8 11. Kh1 h6 12. Bh4 {0-1 (42) Zubcu,V (2127)-Sandor,T (2026) Calimanesti Caciulata 2017}) 6... e6 7. Bb5+ (7. e4 $14 Qa5 8. Qd2) 7... Bd7 $11 8. a4 {Black has an edge.} O-O 9. Nge2 Qc7 10. b4 a5 11. Bxd7 (11. Bf4 $1 $15 e5 12. Bg5 axb4 13. Bxf6 bxc3 14. Bxg7 Kxg7 15. Bxd7 Qxd7 16. Nxc3) 11... Nbxd7 (11... Nfxd7 $17 12. Be7 Rc8) 12. Nb5 Qd8 13. c3 $36 {[%mdl 2048] White fights for an advantage.} h6 14. Bh4 Ne8 $2 {[%mdl 8192] [#] Black cannot hold the game after this.} (14... Ne5 $11) 15. Bxd8 $18 Rxd8 16. O-O Ne5 17. Ned4 Nc4 18. Qe2 e5 19. Nb3 Nf6 20. Nxa5 Nxa5 21. bxa5 d4 22. cxd4 exd4 23. exd4 Rfe8 24. Qc4 Nh5 25. Rae1 Nf4 26. Re4 Nd5 27. Rxe8+ Rxe8 28. Qxd5 Re2 29. Qxb7 {White mates.} Kh7 30. Qxf7 h5 31. a6 h4 32. a7 h3 33. gxh3 g5 34. a8=Q g4 35. Qag8+ {[%mdl 64] [#] Double Attack} Kh6 36. Qgxg7# {Accuracy: White = 63%, Black = 64%.} 1-0